Sports Quiz

Random Sports Quiz
Score 0/138 Timer 12:00
1 Play Today
Season Quarterback % Correct
2001Peyton Manning
99.2%
2001Peyton Manning
99.2%
2003Peyton Manning
99.2%
2003*Peyton Manning
99.2%
2004Peyton Manning
99.2%
2004*Peyton Manning
99.2%
2007Peyton Manning
99.2%
2010Peyton Manning
99.2%
2007Eli Manning
98.8%
2006*Philip Rivers
93.8%
2007Philip Rivers
93.8%
2007*Philip Rivers
93.8%
2010Philip Rivers
93.8%
2011Philip Rivers
93.8%
2009Joe Flacco
93.4%
2010Joe Flacco
93.4%
2011*Joe Flacco
93.1%
2009Mark Sanchez
90.3%
2010Mark Sanchez
90.3%
2011Mark Sanchez
90.3%
2011Mark Sanchez
90.3%
2004*Ben Roethlisberger
88.6%
2005Ben Roethlisberger
88.6%
2007Ben Roethlisberger
88.6%
2010Ben Roethlisberger
88.6%
2003Donovan McNabb
87.2%
2004*Donovan McNabb
87.2%
2006Brett Favre
86.2%
2010Brett Favre
86.2%
2007Tony Romo
85.5%
2011Tony Romo
85.5%
2009Matt Ryan
84.5%
2001*Kurt Warner
83.3%
2003Chad Pennington
82.4%
2004Chad Pennington
82.4%
2004Chad Pennington
82.4%
2006Chad Pennington
82.4%
2006*Chad Pennington
82.4%
2007Chad Pennington
82.4%
2011Tim Tebow
81.9%
2004Carson Palmer
81.4%
2006Carson Palmer
81.4%
2007Carson Palmer
81.4%
2010Carson Palmer
81.4%
2011*Tim Tebow
81.1%
2010Jay Cutler
79.1%
Season Quarterback % Correct
2009Ryan Fitzpatrick
77.9%
2010Ryan Fitzpatrick
77.9%
2010Ryan Fitzpatrick
77.9%
2003*Jake Delhomme
77.1%
2003Steve McNair
76%
2003*Steve McNair
76%
2002Drew Bledsoe
73.6%
2002Drew Bledsoe
73.6%
2003Drew Bledsoe
73.6%
2004Drew Bledsoe
73.6%
2004Drew Bledsoe
73.6%
2009Chad Henne
71.7%
2010Chad Henne
71.7%
2010Chad Henne
71.7%
2011Chad Henne
71.7%
2004Matt Hasselbeck
70.5%
2002Dante Culpepper
70%
2001Rob Johnson
69.4%
2006Brad Johnson
69.4%
2006David Garrard
69.4%
2007*David Garrard
69.4%
2009Josh Johnson
69.4%
2009David Garrard
69.4%
2001*Rich Gannon
68.6%
2006Vince Young
67.4%
2006Rex Grossman
67.1%
2003Kerry Collins
66.9%
2005Kerry Collins
66.9%
2009Kerry Collins
66.9%
2010Matt Flynn
65.1%
2011Rex Grossman
64.9%
2001Vinny Testaverde
63.2%
2002Vinny Testaverde
63.2%
2003Vinny Testaverde
63.2%
2007Jason Campbell
63.2%
2011Jason Campbell
63.2%
2002Trent Green
63%
2004Trent Green
63%
2004Marc Bulger
62.8%
2005Matt Schaub
62.4%
2006David Carr
61.6%
2011Vince Young
61.2%
2001*Kordell Stewart
59.1%
2002Kordell Stewart
59.1%
2005J.P. Losman
58.9%
2006J.P. Losman
58.9%
Season Quarterback % Correct
2006J.P. Losman
58.9%
2007J.P. Losman
58.9%
2001Aaron Brooks
56.6%
2005Aaron Brooks
56.6%
2003Byron Leftwich
56.4%
2005Byron Leftwich
56.4%
2009Matt Moore
55%
2001Doug Flutie
52.7%
2007Trent Edwards
52.7%
2009Trent Edwards
52.7%
2006Jon Kitna
51%
2004Kyle Boller
49.6%
2007Kyle Boller
49.6%
2001Jay Fiedler
49.4%
2002Jay Fiedler
49.4%
2003Jay Fiedler
49.4%
2003Jay Fiedler
49.4%
2004Jay Fiedler
49.4%
2002Joey Harrington
49%
2006Joey Harrington
49%
2007Derek Anderson
48.8%
2011Matt Moore
48.4%
2001Tim Couch
48.1%
2003Tim Couch
48.1%
2003Quincy Carter
44.6%
2001Chris Chandler
43.6%
2002Chris Chandler
43.6%
2011Dan Orlovsky
41.5%
2007A.J. Feeley
40.7%
2010Shaun Hill
39.3%
2007Kellen Clemens
37.2%
2007Cleo Lemon
35.5%
2007Cleo Lemon
35.5%
2004Josh McCown
34.9%
2004Luke McCown
34.9%
2011Tyler Palko
31.4%
2001Chris Weinke
30%
2005Chris Simms
29.3%
2005Kelly Holcomb
25.4%
2005Gus Frerotte
22.5%
2003Tony Banks
20%
2005Brooks Bollinger
19.4%
2005Brooks Bollinger
19.4%
2001Alex Van Pelt
14.9%
2004Ken Dorsey
12.2%
2003Danny Kanell
9.5%
Remove Ads.
Support Sporcle.
Get the best of Sporcle when you Go Orange. This ad-free experience offers more features, more stats, and more fun while also helping to support Sporcle. Thank you for becoming a member.

You're not logged in!

Compare scores with friends on all Sporcle quizzes.
OR
Log In

Sporcle TV

Today on Sporcle TV


Watch our educational content, quiz creation guides, and fun videos on Sporcle TV.

Show Comments

Extras

Top Quizzes Today


Score Distribution

Paid Content

Your Account Isn't Verified!

In order to create a playlist on Sporcle, you need to verify the email address you used during registration. Go to your Sporcle Settings to finish the process.

Report this User

Report this user for behavior that violates our Community Guidelines.

Details: